|
|
|
|
| LEADER |
00000cam a2200000 7i4500 |
| 001 |
0000000943 |
| 005 |
20040114.0 |
| 020 |
0 |
0 |
|a 2831701651
|
| 090 |
0 |
0 |
|a 577.698
|b AKS 1993
|
| 100 |
1 |
0 |
|a AKSORNKOAE
|h Sanit
|
| 245 |
1 |
0 |
|a Ecology and management of mangroves
|c Sanit Aksornkoae
|
| 260 |
0 |
0 |
|a Bangkok :
|b IUCN ,
|c 1993
|
| 300 |
|
|
|a xv, 176 p. :
|b ill. ;
|c 26 cm.
|
| 440 |
0 |
0 |
|a The IUCN Wetlands Programme
|
| 500 |
0 |
0 |
|a Bibliography: [p. 155-172] and index
|
| 650 |
0 |
0 |
|a Mangrove ecology
|
| 710 |
1 |
1 |
|a The International Union for Conservation of Nature and Natural Resources (IUCN)
|
| 998 |
|
|
|a JPSM
|
| 999 |
|
|
|a 0000002514
|b Monograph
|c Open Shelf
|e Default branch
|